Obálka Náhled e-knihy:
PDF
Pro půjčování e-knih musíte být přihlášeni.
Jak si půjčit online?

Vstúp, ak si trúfaš! /

Benteho prenasleduje smola. Možno aj preto je jeho mottom: "Vždy môže byť horšie." A zdá sa, že to platí aj v novej škole. Veď ako sa dá viesť normálny, nenápadný život žiaka základky, keď sa pred vami v tých najnemožnejších situáciách zrazu objavia záhadné dvere? Dvere s blikajúcim nápiso...

Celý popis

Uloženo v:
Hlavní autor: Brezina, Thomas (Autor)
Médium: E-kniha
Jazyk:Czech
Vydáno: Praha : Albatros Media Slovakia s.r.o., 2025
Tagy:
Žádné tagy
LEADER 01403nam a22002297i 4500
001 303213
007 ta
008 260518s2025 xr ||||| |||| 00| 0 cze d
020 |a 9788056644126 
044 |a xr 
100 1 |a  Brezina, Thomas  |4 aut 
245 1 0 |a Vstúp, ak si trúfaš! /  |c  Brezina, Thomas 
240 1 0 |a Tritt ein, wenn du dich traust! 
264 1 |a Praha :  |b Albatros Media Slovakia s.r.o.,  |c 2025 
300 |a 1 online zdroj (224 stran) 
336 |a text  |b txt  |2 rdacontent 
337 |a bez média  |b n  |2 rdamedia 
338 |a online zdroj  |b cr  |2 rdacarrier 
520 2 |a Benteho prenasleduje smola. Možno aj preto je jeho mottom: "Vždy môže byť horšie." A zdá sa, že to platí aj v novej škole. Veď ako sa dá viesť normálny, nenápadný život žiaka základky, keď sa pred vami v tých najnemožnejších situáciách zrazu objavia záhadné dvere? Dvere s blikajúcim nápisom: Vstúp, ak si trúfaš! Bente síce tuší, že by bolo rozumnejšie nevšímať si ich, jeho zvedavosť je však väčšia... 
910 |a RBIT002 
998 |d 426885  |a https://core.palmknihy.cz/api/books/426885/cover?tesgha  |b https://core.palmknihy.cz/api/books/426885/cover/400?tesgha  |c https://core.palmknihy.cz/api/books/426885/cover/50?tesgha  |e 2029-01-15  |g 224  |i 9788056644126  |k https://core.palmknihy.cz/api/books/426885/preview.pdf  |l   |q 49  |r 1  |s https://www.palmknihy.cz/kniha/426885  |t ebook  |y 2025  |z 1 
999 |d 303211